000 00403nam a22001337a 4500
008 140818t fr||||| |||| 00| 0 fre d
050 0 4 _aB2430
_bF68 2001
100 1 _aFoucault, Michel
245 1 0 _aDits et écrits 1954-1988
_cMichel Foucault.
_bVolumen I 1954-1975
260 _afrancia :
_bQuarto Gallimard,
_c2001
300 _a1707
_c22 cm
650 4 _aPsicoanálisis
_xPsicología
942 _2ddc
_cLIB
999 _c76897
_d76897